| 000 | 00988nam a2200253 a 4500 | ||
|---|---|---|---|
| 001 | 000006188 | ||
| 005 | 20200929151951.0 | ||
| 008 | 770928s19-- sp 001 pdspa | ||
| 040 |
_aDO-SdBNP _bspa _cBNPHU |
||
| 082 |
_aE861.2 _bM552o |
||
| 100 | 1 |
_aMera, Juan León, _d1832-1894. _915561 |
|
| 245 | 1 | 0 |
_aOjeada histórico-crítica : _bsobre la poesía ecuatoriana / _cJuan León Mera. |
| 260 |
_aQuito, Ecuador : _bPublicaciones Educativas "Ariel", _c[190--]. |
||
| 300 |
_a2t. ; _c19 cm. |
||
| 490 | 1 |
_aClásicos Ariel _vno. 23 |
|
| 490 | 1 |
_aClásicos Ariel _vno. 31 |
|
| 500 | _aEl tomo 1 posee la colección no. 23. | ||
| 500 | _aEl tomo 2 posee la colección no. 31. | ||
| 650 | 4 |
_aPoesía ecuatoriana _xHistoria y crítica _910607 |
|
| 650 | 4 |
_aLiteratura ecuatoriana _xHistoria y crítica _ySIGLO XIX _917340 |
|
| 650 | 4 |
_aLiteratura latinoamericana _xHistoria y crítica _ySIGLO XIX _917341 |
|
| 830 | 0 |
_aClásicos Ariel ; _vno. 23 _93125 |
|
| 830 | 0 |
_aClásicos Ariel ; _vno. 31 _93125 |
|
| 999 |
_c5983 _d5983 |
||